Normal view
MARC view
- Ellis, Wade
Entry Personal Name
001 - CONTROL NUMBER
- control field: 112232
003 - CONTROL NUMBER IDENTIFIER
- control field: NUST
005 - DATE AND TIME OF LATEST TRANSACTION
- control field: 20230509121455.0
008 - FIXED-LENGTH DATA ELEMENTS
- fixed length control field: 230509|| aca||aabn | a|a d
040 ## - CATALOGING SOURCE
- Original cataloging agency: NUST
- Transcribing agency: NUST
100 ## - HEADING--PERSONAL NAME
- Personal name: Ellis, Wade
670 ## - SOURCE DATA FOUND
- Source citation: Work cat.: (NUST)174888: Peckham, Herbert D. 112229, Hands-on BASIC for the DEC professional /, c1985.
